| 000 | 00397cam a22001097a 4500 | ||
|---|---|---|---|
| 008 | 180718b1981 xxu||||| |||| 00| 0 eng d | ||
| 082 | _aAPPPA 80-81 MAN | ||
| 100 | _aMansingh, L. | ||
| 245 |
_aTransnational corporations and India's non-traditional exports: a study of engineering from India _cby L. Mansingh |
||
| 260 |
_aNew Delhi _bIndian Institute of Public Administration _c1981 |
||
| 300 | _a83+p. | ||
| 999 |
_c501253 _d501253 |
||